00818nam a22002171 4500001000700000003000900007005001700016008004100033080001200074100002400086245013500110260004200245300007500287490003300362500003800395504002800433600003600461700003000497830003300527852004000560176841ES-MaACL20250822062536.0110214s1957 sp af ||||0| spa d a75 Goya1 aWight, Frederick S.11a(Francisco José de Goya y Lucientes) Goya b: (1746-1828) / ctexto de Frederick S. Wight ; traducción de R. Santos Torroella. aBarcelona : bTimun Mas, ccop. 1957. a[1] h. , [72] p. : bil. , lám. col. y n. , algunas pleg. ; c18 cm.1 aEl libro de arte de bolsillo aEncuadernado con otros títulos. aBibliografía: p. [72]14aGoya, Francisco de, d1746-18281 aSantos Torroella, Rafael.0 aEl libro de arte de bolsillo aES-MaACLjE-14307 (13) xOlim P-144